[Event "Reims"]
[Site "Reims"]
[Date "1994.??.??"]
[Round "?"]
[White "Komarov, Dimitri"]
[Black "Barsov, Alexei"]
[Result "1-0"]
[WhiteElo "2565"]
[BlackElo "2420"]
[Annotator "Komarov,D"]
[PlyCount "101"]
[EventDate "1994.??.??"]
[EventType "team"]
[EventRounds "1"]
[EventCountry "FRA"]
[SourceTitle "CBM 044"]
[Source "ChessBase"]
[SourceDate "1995.02.01"]
[SourceVersion "1"]
[SourceVersionDate "1995.02.01"]
[SourceQuality "1"]

1. e4 e6 2. d4 d5 3. Nd2 Nf6 4. Bd3 c5 5. e5 Nfd7 6. c3 Nc6 7. Ne2 cxd4 8. cxd4
f6 9. exf6 Nxf6 10. Nf3 Bd6 11. O-O O-O 12. Bf4 Bxf4 13. Nxf4 Ne4 14. Ne2 Rxf3
15. gxf3 Ng5 16. f4 Nh3+ 17. Kh1 Qh4 18. Qd2 Nxf2+ 19. Kg2 Nxd3 20. Qxd3 Bd7
21. h3 $5 (21. f5 $5) (21. Rf3 Be8 $1 22. Rh3 Bg6 $13) 21... Be8 $2 (21... Rf8
22. Kh2 Be8 23. Qe3 $14) 22. f5 $1 $16 e5 $1 (22... exf5 23. Qxf5 Bg6 24. Qxd5+
Kh8 25. Rf4 $1 Qe7 26. Ng3 $18) 23. dxe5 Nxe5 24. Qd4 (24. Qxd5+ $2 Nf7 {
/\Bc6 /}) 24... Qg5+ (24... Qf6 25. Rae1 $16) (24... Qe4+ 25. Qxe4 dxe4 26. Nd4
$16) 25. Ng3 Nc6 26. Qf4 (26. Qxd5+ Bf7 $132) 26... Qf6 27. Rae1 $1 Qxb2+ (
27... Bf7 $32) 28. Rf2 Qf6 29. Re6 Qf7 30. Rd6 Na5 $5 31. Qg5 Nc4 32. Re6 d4
33. f6 $1 h6 $8 34. Qxg7+ Qxg7 35. fxg7 Ne3+ (35... Kxg7 36. Nf5+ $18) 36. Kh2
Kxg7 37. Rd6 $18 Rc8 38. Rxd4 Rc2 39. Rxc2 Nxc2 40. Rc4 Na3 41. Rc7+ Kg6 42.
Rxb7 a5 43. Rb6+ Kg5 44. Re6 Bb5 45. Re5+ Kf6 46. Rh5 Kg6 47. Rc5 a4 48. Ne4
Bd7 49. Nc3 Nc2 50. Nxa4 $1 Bxa4 51. Rc4 1-0

[Event "Julian Borowski-B 3rd"]
[Site "Essen"]
[Date "2001.05.02"]
[Round "1"]
[White "Naiditsch, Arkadij"]
[Black "Schaefer, Markus"]
[Result "1/2-1/2"]
[WhiteElo "2487"]
[BlackElo "2393"]
[Annotator "Konikowski,J"]
[PlyCount "137"]
[EventDate "2001.05.02"]
[EventType "tourn"]
[EventRounds "9"]
[EventCountry "GER"]
[EventCategory "9"]
[SourceTitle "CBM 083"]
[Source "ChessBase"]
[SourceDate "2001.07.05"]
[SourceVersion "1"]
[SourceVersionDate "2001.07.05"]
[SourceQuality "1"]

1. e4 e6 2. d4 d5 3. Nd2 Nf6 4. e5 Nfd7 5. Bd3 c5 6. c3 Nc6 7. Ne2 cxd4 8. cxd4
f6 9. exf6 Nxf6 10. Nf3 Qc7 11. O-O Bd6 12. Bg5 O-O 13. Bh4 a6 (13... Ng4 14.
Bg3 Bxg3 15. Nxg3 g6 16. Qd2 Qg7 17. h3 Nh6 18. Rad1 Rxf3 19. gxf3 Nxd4 20. Be4
Nc6 21. Bc2 Nf7 22. Bb3 Bd7 23. f4 Rf8 24. Kg2 Bc8 25. h4 Nd6 26. Rh1 Qf6 27.
h5 Ne7 $13 {Zapata,A-Agudelo,A/COL 1989/}) (13... Re8 14. Rc1 Nh5 15. Bb1 Qb6
16. b3 Qb4 17. Qd3 g6 18. Qe3 Nf4 19. Nc3 e5 20. Nxd5 exd4 21. Nxb4 dxe3 22.
Nxc6 bxc6 23. Rfe1 exf2+ 24. Bxf2 Bg4 25. Rxc6 $16 {Tobyas,M-Vrbata,Z/Prague
1990/}) 14. Bg3 $146 {[%mdl 8]} (14. Rc1 Nh5 15. Qc2 Nf6 16. Bg3 Bxg3 17. hxg3
Qd6 18. a3 Bd7 19. Nf4 Rac8 20. Ng5 g6 21. Bxg6 Ne7 22. Bxh7+ Kg7 23. Qb1 e5
24. dxe5 Qxe5 25. Rce1 Qxg5 26. Rxe7+ Kh6 27. Rfe1 $18 {Guyot,P-Aubert,L/
FRA-chB 1989/}) 14... Bd7 15. Rc1 Be8 16. Ne5 Nh5 17. Nxc6 Bxc6 18. Bxd6 Qxd6
19. Re1 Rf6 20. Nc3 Nf4 21. Bf1 Ng6 22. g3 Raf8 23. f4 Ne7 24. Bh3 Rh6 25. Bg4
Bd7 26. Rc2 Rg6 27. Bh5 Rh6 28. Bf3 g5 $2 (28... Rhf6 $5 29. Bg2 $11) 29. fxg5
Rg6 30. Rf2 Rxg5 31. Ref1 Rgf5 32. Qd2 Ng6 33. a4 Qb4 34. Bg4 Rxf2 35. Rxf2
Rxf2 36. Qxf2 Qe7 37. Qe3 Kg7 38. h4 $6 (38. Nxd5 $142 $1 exd5 39. Qxe7+ Nxe7
40. Bxd7 $16) 38... Qf7 39. h5 Nf8 40. Qe5+ (40. Qg5+ $5) 40... Qf6 41. h6+ Kf7
42. Bh5+ Ng6 43. g4 Bc6 (43... Qxe5 44. dxe5 Be8 45. Kf2 Ke7 46. Bxg6 Bxg6 47.
Ne2 Bc2 48. a5 Kf7 49. Nf4 Be4 $11) 44. Qc7+ Kg8 45. Ne2 Nf8 46. Qf4 Qxf4 47.
Nxf4 Bxa4 48. g5 a5 49. Kf2 Bc6 50. Ke3 b5 51. Kd2 (51. Nd3 b4 52. b3 Nd7 $11)
51... b4 52. Kc2 Ba4+ 53. Kc1 Bb5 54. Kd2 a4 55. Kc1 a3 56. bxa3 bxa3 57. Kb1
Bc4 58. Ka1 Bb3 59. Be8 Bc4 60. Nh5 e5 61. Nf6+ Kh8 62. dxe5 Ne6 63. Bd7 (63.
g6 $2 hxg6 64. Bxg6 d4 $17) 63... Nd4 (63... d4 $5) 64. Ba4 Ne6 65. Ne8 d4 66.
Nd6 Bd5 67. Nf5 Nxg5 $2 (67... Nc5 $142 $5) 68. Nxd4 $11 Kg8 69. Ne2 1/2-1/2

[Event "POL-ch"]
[Site "Warsaw"]
[Date "2004.05.01"]
[Round "8"]
[White "Murdzia, Piotr"]
[Black "Jakubiec, Artur"]
[Result "0-1"]
[WhiteElo "2455"]
[BlackElo "2532"]
[Annotator "Konikowski,J"]
[PlyCount "73"]
[EventDate "2004.04.24"]
[EventType "tourn"]
[EventRounds "13"]
[EventCountry "POL"]
[EventCategory "12"]
[SourceTitle "CBM 101"]
[Source "ChessBase"]
[SourceDate "2004.07.27"]
[SourceVersion "1"]
[SourceVersionDate "2004.07.27"]
[SourceQuality "1"]

1. e4 e6 2. d4 d5 3. Nd2 Nf6 4. e5 Nfd7 5. Bd3 c5 6. c3 Nc6 7. Ne2 cxd4 8. cxd4
f6 9. exf6 Nxf6 10. Nf3 Bd6 11. O-O O-O 12. Bf4 Bxf4 13. Nxf4 Ne4 14. Ne2 (14.
Qc1 $5 Ng5 (14... Qf6 15. Ne2 Bd7 16. Qe3 Nd6 17. Ne5 Be8 18. Ng4 Qe7 19. Nf4
Bf7 20. Rfe1 $14) 15. Nxg5 Qxg5 16. Ne2 (16. Bxh7+ Kxh7 17. Nxe6 Qf5 18. Nxf8+
Qxf8 19. Qg5 Qf5 20. Qxf5+ Bxf5 21. Rfe1 Kg6 22. f3 Kf6 $13) 16... Qf6 17. Qe3
Bd7 (17... a6 18. Rad1 Bd7 19. Qh3 g6 20. Bb1 Rac8 21. Qe3 Na5 22. b3 Bb5 23.
Rfe1 $14) 18. Bb5 Nb8 (18... Rae8 19. f4 Re7 20. Rac1 Nd8 21. Bd3 $14) 19. Bxd7
Nxd7 20. Rac1 Nb6 21. b3 Rac8 22. Rfe1 $14) 14... Rxf3 $5 {[%mdl 64]} 15. gxf3
Ng5 16. Kh1 (16. f4 $5 Nh3+ (16... Nf3+ 17. Kg2 Qh4 (17... Nh4+ 18. Kh1 Nf3 19.
Bxh7+ Kh8 20. Qd3 Nh4 21. Rg1 Qf6 22. Rg5 $18) 18. Kxf3 Qh3+ 19. Ng3 e5 20. Ke3
exf4+ 21. Kd2 fxg3 22. hxg3 Qh6+ 23. f4 $18) 17. Kh1 Qh4 18. Qd2 Nxf2+ (18...
Bd7 19. Qe3 {1/2-1/2, Rabar,B-Portisch,L/Moscow/1961/}) 19. Kg2 Nxd3 20. Qxd3
Bd7 21. h3 (21. Rf3 $5 Rf8 22. Rh3 Qg4+ 23. Kf2 $16) 21... Rf8 (21... Be8 22.
f5 exf5 23. Qxf5 Bg6 24. Qxd5+ Kh8 25. Rf4 Qe7 26. Ng3 Rd8 27. Qc5 Qe8 28. Raf1
Qg8 29. Rf8 h6 30. Rxd8 Nxd8 31. Rf8 {1-0 Farago,S-Kahn/Budapest/1997/}) 22.
Kh2 Qf6 23. Rg1 Be8 24. Qe3 Bh5 25. Ng3 Bg6 26. Rad1 a6 27. Rge1 Rf7 28. Qxe6
Qxe6 29. Rxe6 Rxf4 30. Kg2 Nxd4 31. Re5 Bf7 32. Re7 b5 33. Rf1 Rxf1 34. Nxf1 g5
35. Ra7 Bg6 36. Rxa6 Kf7 37. Ne3 h5 38. Kf2 Be4 39. Rb6 h4 40. Ng4 Ke7 41. Nf6
Bf5 42. Nxd5+ Kd7 43. Nc3 Kc7 44. Rh6 Bxh3 45. Rh5 Ne6 46. Nxb5+ Kc6 47. Nc3
$18 {Gorge-Thirion,corr/2001/}) 16... e5 17. dxe5 Nxf3 18. Bxh7+ (18. Qa4 Bh3
19. Rg1 Nxg1 20. Rxg1 Nxe5 21. Qd4 Qf6 22. Rg3 Be6 23. Nf4 Bf7 24. Bc2 Nd7 25.
Qd3 Qxf4 26. Qxh7+ Kf8 27. Qh8+ Ke7 28. Qxa8 Qc1+ 29. Kg2 Qxc2 30. Re3+ Be6 31.
Qxa7 Qxb2 32. Rb3 Qe5 33. Re3 Qc7 34. Qd4 Kf7 35. Rc3 Qd6 36. f4 Bf5 37. Rg3
Be4+ 38. Kg1 Nf6 $19 {Bank-Jedynak,R/Aarhus/2003/}) 18... Kh8 19. Ng1 Ncd4 (
19... Bg4 20. Nxf3 Nxe5 21. Be4 Qf6 22. Qxd5 Nxf3 23. Rad1 Re8 24. Rd3 Ng5 25.
Bg2 Be2 26. Rg3 (26. Re1 $5 Qxf2 27. Rdd1 Ne4 28. Qd7 Nf6 29. Qh3+ Kg8 30. Rc1
$18) 26... Bxf1 27. Rxg5 Bxg2+ 28. Kxg2 g6 29. Rg3 $18 {Yokarev-Temirbaev/
Russia/1997/}) 20. Re1 (20. Nxf3 $5 Bg4 21. Nxd4 Bxd1 22. Raxd1 Kxh7 23. f4 (
23. Rg1 Qh4 $4 (23... Qb6 $1 24. Nf5 g5 25. Rxg5 Qxf2 26. Nd4 Qe3 27. Rdg1 Qe4+
28. R1g2 Qe1+ $11) (23... Qf8 24. Rd3 Re8 25. Rf3 Qb4 26. Nf5 Qe4 27. Rxg7+ Kh8
28. Rgg3 Qb1+ 29. Kg2 Rg8 30. Nd6 Rxg3+ 31. hxg3 d4 32. e6 Qe1 33. Rf8+ Kg7 34.
e7 $18 {Motylev-Kalezic/Niksic/2000/}) 24. Rxg7+ $1 Kh8 25. Rg3 Rg8 26. Nf3 Qe4
27. Kg2 Rxg3+ 28. hxg3 Kg7 29. b3 Kf8 30. Rd4 Qe2 31. Rxd5 Qxa2 32. Nd4 Qb1 33.
f3 Qc1 (33... a5 34. e6 b5 35. Kh3 Qg6 36. g4 {+-}) 34. e6 Qd2+ 35. Kh3 Qh6+
36. Kg4 Ke8 37. Rd7 Qg6+ 38. Kf4 Qh6+ 39. Ke5 Qe3+ 40. Kf5 a5 41. g4 b5 42. g5
a4 43. bxa4 bxa4 44. g6 Qh6 45. g7 Qh5+ 46. Ke4 Qg6+ 47. Ke5 Qg3+ 48. f4 $18 {
Murdzia,P-Jedynak,R/Legnica/2003/}) 23... Qb6 24. f5 Qxb2 25. f6 (25. Rd3 Rc8
26. f6 Rc1 27. Rh3+ Kg6 28. Rg3+ Kh5 {1/2-1/2 Kramnik,V-Ulybin, Moscow/1991/}
29. Rxc1 Qxc1+ 30. Rg1 Qe3 31. fxg7 Qe4+ 32. Rg2 Qe1+ $10) 25... gxf6 26. Rd3
Rg8 27. Rh3+ Kg7 28. Rg3+ Kh7 29. Rh3+ Kg7 30. Rg3+ Kh7 31. Rh3+ {1/2-1/2
Fernandez Gil-Camarena Gimenez/ Cullera/2003/}) (20. Bd3 Bg4 21. Qc1 Nxg1 22.
Qf4 $1 Be2 23. Kxg1 Rc8 (23... Bxf1 24. Rxf1 Ne6 25. Qg4 $18) 24. Rfe1 Bxd3 25.
Qxd4 Qg5+ 26. Kh1 Qf5 27. Qxd5 Bb5 28. Kg1 Rc4 29. Re3 Rg4+ 30. Rg3 Bc6 31.
Qd8+ Kh7 32. Rd1 Rxg3+ 33. hxg3 Qxe5 34. Qh4+ Kg6 35. Qf4 Qe2 36. Rd6+ Kh7 37.
Qf5+ {1-0 Szuk-Peter/Budapest/2000/}) 20... Bg4 21. Re3 Qh4 $1 (21... Qf8 22.
Be4 $1 dxe4 23. Rxe4 Bd7 (23... Nxg1 $2 24. Qxg4 $18) 24. Rxd4 Nxd4 25. Qxd4
Bc6+ 26. f3 Bxf3+ 27. Nxf3 Qxf3+ 28. Kg1 Rf8 29. Qh4+ Kg8 30. Qc4+ Kh7 {
1/2-1/2 Kholmov,R-Ulibin/USSR/1989/}) 22. Nxf3 Qxf2 23. Rc3 $2 (23. Qxd4 $1
Bxf3+ 24. Rxf3 Qxd4 25. Rh3 g5 (25... Qxe5 26. Bg6+ Kg8 27. Rf1 $11) 26. Rg1
Qxe5 27. Rh5 Qe2 28. Bg6+ $1 {Knaak} (28. Rgxg5 $2 Qf1+ 29. Rg1 Qf3+ $19 {
Kholmov}) 28... Kg7 29. Rhxg5 Qf3+ 30. R1g2 $11 {Knaak}) 23... Qxb2 24. Qc1
Qxc3 $1 25. Qxc3 Bxf3+ 26. Qxf3 (26. Kg1 Ne2+ $19) 26... Nxf3 27. Bc2 Nxe5 28.
Rd1 Rd8 29. Be4 d4 30. Bxb7 g5 31. Kg1 Kg7 32. Be4 Kf6 33. Kf2 Ng4+ 34. Kg3 Ne3
35. Rb1 d3 36. Bf3 d2 37. Bd1 (37. Bd1 Rc8 38. Kf3 Rc1 39. Rb2 Nc4 $19) 0-1

[Event "EU-ch 4th"]
[Site "Istanbul"]
[Date "2003.06.12"]
[Round "12"]
[White "Grigoriants, Sergey"]
[Black "Socko, Bartosz"]
[Result "0-1"]
[WhiteElo "2506"]
[BlackElo "2577"]
[Annotator "Konikowski,J"]
[PlyCount "80"]
[EventDate "2003.05.30"]
[EventType "swiss"]
[EventRounds "13"]
[EventCountry "TUR"]
[SourceTitle "CBM 096"]
[Source "ChessBase"]
[SourceDate "2003.09.25"]
[SourceVersion "1"]
[SourceVersionDate "2003.09.25"]
[SourceQuality "1"]

1. e4 {Atlas,V} e6 2. d4 d5 3. Nd2 Nf6 4. e5 Nfd7 5. Bd3 c5 6. c3 Nc6 7. Ne2
Qb6 8. Nf3 f6 9. exf6 Nxf6 10. O-O Bd6 11. Rb1 O-O 12. Bf4 Bxf4 13. Nxf4 cxd4
14. cxd4 Ne4 15. Ne2 Bd7 16. Nc3 Nf6 17. Re1 Rae8 18. h3 Kh8 19. Bb5 Ne7 20.
Qa4 Bxb5 (20... Nc6 $5 $14) 21. Qxb5 Nc6 22. Qxb6 axb6 23. Re3 Re7 24. Rbe1
Rfe8 25. Na4 Nd7 (25... Ra8 26. b3 $14) 26. Nc3 Nf6 27. a3 Kg8 28. Na4 Nd7 29.
Rb3 Na5 30. Rb4 Nc4 31. Ra1 h6 32. Kf1 e5 (32... Rc8 33. b3 Nd6 34. Nxb6 $16)
33. dxe5 {'?!' Atlas,V.} ({Not the optimal choice. Stronger was} 33. b3 {
(Atlas,V) , retaining positional advantage.}) 33... Ndxe5 34. Nxb6 $2 (34. Rd1
$142 $5 $14) 34... Nd3 35. Nxd5 $4 {[%mdl 8192]} (35. Nxc4 $142 Nxb4 36. Nd6
$15) ({A big mistake elegantly refuted by the Polish GM. After} 35. Rb5 {
(Atlas,V) White would retain counterchances.}) 35... Nd2+ $1 $19 {[%mdl 64]
Atlas,V: 'This terrific knight strike yields Black a decisive advantage.'} 36.
Kg1 ({Atlas,V: The knight is invulnerable:} 36. Nxd2 Re1+ 37. Rxe1 Rxe1#) 36...
Nxf3+ 37. gxf3 Re1+ {Atlas,V: 'Winning an exchange.'} 38. Rxe1 Rxe1+ 39. Kg2
Nxb4 40. Nxb4 Re2 (40... Re2 {Atlas,V: ', and White resigned, as after'} 41.
Nd3 Rd2 {he loses also his queenside pawns.}) 0-1

[Event "UKR-ch"]
[Site "Ordzhonikidze"]
[Date "2001.09.09"]
[Round "2"]
[White "Vysochin, Spartak"]
[Black "Efimenko, Zahar"]
[Result "1-0"]
[WhiteElo "2542"]
[BlackElo "2495"]
[Annotator "Kortschnoj,V"]
[PlyCount "101"]
[EventDate "2001.09.08"]
[EventType "swiss"]
[EventRounds "9"]
[EventCountry "UKR"]
[SourceTitle "CBM 086"]
[Source "ChessBase"]
[SourceDate "2002.02.05"]
[SourceVersion "1"]
[SourceVersionDate "2002.02.05"]
[SourceQuality "1"]

1. e4 e6 2. d4 d5 3. Nd2 Nf6 4. Bd3 c5 5. e5 Nfd7 6. c3 b6 7. Ne2 Ba6 8. Bc2 $5
{This interesting move was for long time forgotten-people invariably played 8.
Ba6 or 8.Nf3.} cxd4 9. cxd4 Nc6 10. Nf3 Rc8 11. Be3 {This is a new move.
Theoretical continuation is 11.a3,preventing Nb4,as well as Bb4+} Bb4+ $2 {
Black is on a wrong way. Presumably he has not expected the next move of white.
} ({Correct was} 11... Nb4 12. Bb1 Qc7 13. O-O Nc2 14. Bxc2 Qxc2 15. Rc1 Qxd1
16. Rxc8+ Bxc8 17. Rxd1 Ba6 18. Ng3 h6 19. Rc1 Kd8 {with about equal play.})
12. Kf1 $1 {Of course! Any exchange would help black to solve problems of his
cramped position.} Be7 {Black is not in a hurry to look for counterplay. It is
true, after} (12... f6 13. Kg1 $1 fxe5 14. dxe5 Be7 15. h4 {he would not
achieve too much.}) 13. Kg1 O-O 14. h4 $16 {White has already a clear
advantage - he has an active plan - an assault on the king side, whereas black
on the queen side can't create any threats.} Nb4 15. Bb1 Bxe2 ({Or} 15... Qc7
16. Nc3) 16. Qxe2 Qc7 17. Ne1 {After this move it becomes obvious that black
has get no initiative on the queen side. Meanwhile white's threats on the
contrary wing acquire real features. Black makes up his mind to prevent
enemy's attack by pushing the f-pawn.} f5 18. a3 Nc6 19. Nd3 Rf7 ({Not} 19...
f4 20. Nxf4 Nxd4 21. Qd3 {and black is losing.}) ({Or} 19... Na5 20. Nf4 Qc6
21. Bd3 Nb3 22. Rd1 {and the threat Bb5 is pretty unpleasant.}) 20. Nf4 Nf8 21.
Bd3 Qd8 {Now after 22.g3 black was going to continue Na5 getting some activity,
but white prefers to sacrifice a pawn.} ({Or} 21... Na5 22. Ba6 Rb8 23. Rc1)
22. b4 $5 Bxh4 23. b5 Na5 24. Qh5 g6 $8 {The only move.} (24... Bg5 {does not
work:} 25. Nxe6 Nxe6 26. Qxh7+ Kf8 27. Qg6 {winning.}) 25. Qxh4 Qxh4 26. Rxh4
g5 27. Nxe6 $1 gxh4 {Certainly,white will retain the initiative in any case.} (
{Say} 27... Nxe6 $6 28. Rh6 Nb3 29. Rd1 Nbxd4 30. Bf1 Kg7 31. Rf6) 28. Ng5 Rg7
29. Bxf5 Re8 30. Nf3 $44 Ng6 31. Bg5 $1 Rc7 32. Re1 Nc4 33. a4 Nf8 {Black
changes his mind - the knight was on f8 a few moves before.} (33... Nb2 {
was more consequent.}) 34. Bxh4 Ne6 35. Bf6 Nb2 36. Re3 Nxa4 {It seems black
is short of time.} (36... Nd1 $5 {was worth a consideration. With an idea - if
white rook does not come back to e1 - then 37...Rc1! with a mess!}) 37. Bxe6+
Rxe6 38. Ng5 Re8 39. Rg3 Kf8 40. Rf3 Kg8 (40... Rc3 41. Rf4 {with continuing
attack}) 41. Rg3 Kf8 42. f4 h6 (42... Nc3 43. Nxh7+) 43. Nf3 Nc3 44. Rg6 Rh7 {
It is passive, but} (44... Ne2+ 45. Kh2 Nxf4 46. Rxh6 Ne6 47. g4 {also does
not look attractive, e.g.} Rc3 48. g5 Rxf3 49. g6 $18) 45. f5 Nxb5 46. e6 Rc8
47. Ne5 Rcc7 48. Ng4 $1 a5 49. Nxh6 Rhg7 50. Bxg7+ Rxg7 51. e7+ $1 1-0

[Event "RUS-ch"]
[Site "Elista"]
[Date "1994.??.??"]
[Round "3"]
[White "Svidler, Peter"]
[Black "Ulybin, Mikhail"]
[Result "1/2-1/2"]
[WhiteElo "2550"]
[BlackElo "2510"]
[Annotator "Lisenko"]
[PlyCount "62"]
[EventDate "1994.09.??"]
[EventType "swiss"]
[EventRounds "11"]
[EventCountry "RUS"]
[SourceTitle "CBM 044"]
[Source "ChessBase"]
[SourceDate "1995.02.01"]
[SourceVersion "1"]
[SourceVersionDate "1995.02.01"]
[SourceQuality "1"]

1. e4 e6 2. d4 d5 3. Nd2 Nf6 4. e5 Nfd7 5. c3 c5 6. Bd3 Nc6 7. Ne2 cxd4 8. cxd4
f6 9. exf6 Nxf6 10. O-O Bd6 11. Nf3 O-O 12. Bf4 Bxf4 13. Nxf4 Ne4 14. Qc1 (14.
Nh5) (14. Ne2) (14. g3) 14... Ng5 15. Nxg5 Qxg5 16. Bxh7+ (16. Ne2 Qxc1 17.
Raxc1 Bd7 $5 18. Bb5 Rac8 19. Bxc6 Rxc6 20. Rxc6 Bxc6 21. Re1 $1 Bb5 22. Nc3
Bd7 23. Kf1 $2 (23. f3 Kf7 24. h4 $14) 23... Rf4 $13 {Wahls,M-Hertneck,G/BRD/
1993/0:1 (58)}) 16... Kxh7 17. Nxe6 Qf5 18. Nxf8+ Qxf8 19. Qg5 Qf5 (19... Bf5
20. Rfe1 Rd8 21. Re3 {Brodskij,M-Supatashvili,K/Pardubice(op)/1993/} Rd6 $5 22.
Rf3 Rf6 23. Rd1 $13 {Brodskij/}) 20. Qxf5+ $146 (20. Qh4+ $5 {Dvoirys,S-Ulibin,
M/URS/1994/}) 20... Bxf5 21. Rfe1 Kg6 (21... g5 22. b4 $1) 22. f3 (22. Rad1 Rh8
23. g3 Be4 24. Re3 Rf8 $13) 22... Kf6 (22... Nxd4 $2 23. Rad1 Nc2 24. Re2 {
/\ g4+/-}) 23. Rad1 g5 24. g4 Bd7 $1 (24... Be6 25. Rd2 {/\ Kf2-g3,f4} Ne7 $4
26. Rde2 $18) (24... Bg6 25. Kg2 Rh8 26. Kg3 Nd8 27. Rh1 Rh4 28. Rhf1 Ne6 29.
f4 $1 Be4 30. h3 Rh7 31. fxg5+ Kxg5 32. Rd2 a6 $5 $14) 25. Kf2 Rh8 26. Kg3 Ne7
$1 (26... Nd8 27. Re5 Be6 28. Rde1 Rh7 29. R1e2 $1 {/\ f4+/-}) 27. Re5 Ng6 $1
28. Rxd5 Be6 29. Rb5 $1 (29. Rd6 $2 Ke7 $19) 29... Nf4 30. d5 $1 (30. Rxb7 Rh3+
31. Kf2 Bd5 32. Rxa7 Rxh2+ $40) 30... Rh3+ 31. Kf2 Bxd5 $1 (31... Bxd5 32.
Rdxd5 Nxd5 33. Rxd5 Rxh2+ 34. Kg3 Rxb2 $10) 1/2-1/2

[Event "RUS-chT 04th"]
[Site "Azov"]
[Date "1996.??.??"]
[Round "5"]
[White "Svidler, Peter"]
[Black "Zarubin, Pavel"]
[Result "1-0"]
[WhiteElo "2650"]
[BlackElo "2450"]
[Annotator "Makarichev,S"]
[PlyCount "53"]
[EventDate "1996.??.??"]
[EventType "team-tourn"]
[EventRounds "7"]
[EventCountry "RUS"]
[SourceTitle "CBM 056 Extra"]
[Source "ChessBase"]
[SourceDate "1997.03.01"]
[SourceVersion "1"]
[SourceVersionDate "1997.03.01"]
[SourceQuality "1"]
[WhiteTeam "Azov Ladya"]
[BlackTeam "Cherepovets Severstal"]
[WhiteTeamCountry "RUS"]
[BlackTeamCountry "RUS"]

1. e4 e6 2. d4 d5 3. Nd2 Nf6 4. e5 Nfd7 5. c3 c5 6. Bd3 Nc6 7. Ne2 cxd4 8. cxd4
f6 9. exf6 Qxf6 $6 (9... Nxf6 $132) 10. Nf3 Bd6 11. Bg5 $1 Qf7 12. O-O h6 $2 (
12... e5 $142 $5 13. dxe5 Ndxe5 14. Nxe5 Bxe5 15. f4 $5 Bxb2 16. Rb1 Bf6 17.
Qc2 g6 18. Qc5 $1 Be7 19. Bxe7 Qxe7 20. Qxd5 Be6 21. Qe4 $14 {Schmittdiel,
E-Hertneck,D/BL9293/}) 13. Qb1 $3 $16 {/\Bd3-g6} Nf8 $8 (13... O-O $4 14. Bg6
$18) 14. Bh4 Bd7 15. b4 $1 $40 {xe5} Bxb4 (15... a6 $142 $5 16. a4 Bxb4 $1 (
16... Nxb4 $2 17. Ne5 Bxe5 18. Qxb4 $16 {/\Qb4xb7}) 17. a5 $1 $16 (17. Ne5 $2
Nxe5 18. dxe5 a5 $1) 17... Bc8 $1 (17... Bxa5 $2 18. Rxa5 $1 Nxa5 19. Ne5 Qh5
20. Ng6 Rg8 21. Nef4 Qg4 22. h3 $18) (17... Rb8 $2 18. Bg3 Rc8 19. Ne5 Nxe5 20.
Bxe5 Be7 21. Qxb7 $18 {xa6}) 18. Bg3 Be7 19. Nf4 g5 20. Ng6 Rg8 21. Nge5 (21.
Nxe7 Qxe7 22. Re1 $16) 21... Qg7 22. Nxc6 bxc6 23. Qb6 Bd7 24. Qb7 Rd8 25. Qxa6
$18 {o^a}) (15... Nxb4 $2 16. Ne5 Bxe5 17. Qxb4 $18) 16. Ne5 $1 (16. a3 $6 Bd6
17. Qxb7 $2 Rb8 18. Qa6 Rb6 19. Qa4 Ng6 $132) 16... Nxe5 17. dxe5 a5 18. a3 g5
$5 (18... Be7 19. Qxb7 Rd8 20. Bxe7 Qxe7 21. Rfc1 $1 $18) 19. axb4 gxh4 20.
bxa5 Bc6 21. Nd4 $18 Rg8 22. a6 h3 $8 23. g3 Nd7 (23... Ng6 24. axb7 Rb8 25.
Ra8 $18 Rxa8 26. b8=Q+ $1) 24. axb7 Rb8 25. Nxc6 $1 Qf3 26. Bg6+ Kf8 (26...
Rxg6 27. Qxg6+ Kf8 28. Qxh6+ Kg8 29. Qxh3) 27. Qb4+ $1 (27. Qb4+ Kg7 28. Qe7+
Kxg6 29. Qxe6+ Kg5 (29... Kh7 30. Qxd7+ Rg7 31. Qxh3) 30. Qxh3 Rxb7 31. Ra4 $18
) 1-0